Normal view
MARC view
- Ryder, John D
Entry Personal Name
001 - CONTROL NUMBER
- control field: 6776
003 - CONTROL NUMBER IDENTIFIER
- control field: OSt
005 - DATE AND TIME OF LATEST TRANSACTION
- control field: 20250104153845.0
008 - FIXED-LENGTH DATA ELEMENTS
- fixed length control field: 250104|| aca||aabn | a|a d
040 ## - CATALOGING SOURCE
- Original cataloging agency: OSt
- Transcribing agency: OSt
100 ## - HEADING--PERSONAL NAME
- Personal name: Ryder, John D
670 ## - SOURCE DATA FOUND
- Source citation: Work cat.: (OSt)10663: Ryder, John D ., Electronic fundamentals and applications / , 1968.
